Termodinámica

Guardat en:
Dades bibliogràfiques
Autors principals: Wark, Kenneth (Autor), Richards, Donald E (Autor)
Format: Llibre
Idioma:espanyol
Publicat: Madrid McGraw Hill 2001
Edició:6a. ed
Matèries:
Etiquetes: Afegir etiqueta
Sense etiquetes, Sigues el primer a etiquetar aquest registre!

MARC

LEADER 00000nam a2200000 a 4500
001 UCN4402
003 CL-VaPUC
008 010803e20010000SP |||||||||||||||||spa|d
020 |a 844812829X 
082 0 4 |a 536.7  |b WAR  |2 21 
100 0 |a Wark, Kenneth  |e author  |9 460765 
700 0 |a Richards, Donald E  |e author  |9 460766 
245 1 0 |a Termodinámica 
250 |a 6a. ed 
300 |a 1048 p 
942 |c BK 
945 |d 20010803 00:00:00  |a vberengu 
260 |a Madrid  |b McGraw Hill  |c 2001 
650 0 |a Trabajo  |9 313876 
650 0 |a Energía   |9 259431 
650 0 |a Calor  |9 260253 
650 0 |a Transferencia de calor  |9 336631 
650 0 |a Entropía  |9 262675 
650 7 |a EQUILIBRIO DE FASE  |2 CL-VaPUC  |9 337406 
650 0 |a Equilibrio químico   |9 259943 
650 0 |a Reacciones químicas  |9 259438 
583 |a last modification  |c 20010803 00:00:00  |k Rodrigo Vera 
999 |c 296647  |d 296645 
952 |0 0  |1 0  |4 0  |6 536_700000000000000_WAR_2001  |7 0  |8 A  |9 350623  |a BIBMEC  |b BIBMEC  |d 2019-11-20  |i 377774K  |o 536.7 WAR 2001  |p 377774K  |r 2019-11-20  |w 2019-11-20  |y BK  |k MEC 
952 |0 0  |1 0  |4 0  |6 536_700000000000000_WAR_2001  |7 0  |8 A  |9 350624  |a BIBMEC  |b BIBMEC  |d 2019-11-20  |i 3799913  |o 536.7 WAR 2001  |p 3799913  |r 2019-11-20  |w 2019-11-20  |y BK  |k MEC 
952 |0 0  |1 0  |4 0  |6 536_700000000000000_WAR_2001  |7 0  |8 A  |9 350626  |a BIBMEC  |b BIBMEC  |d 2019-11-20  |i 3883205  |o 536.7 WAR 2001  |p 3883205  |r 2024-01-19  |w 2019-11-20  |y BK  |k MEC 
952 |0 0  |1 0  |4 0  |6 536_700000000000000_WAR_2001  |7 0  |8 A  |9 350627  |a BIBMEC  |b BIBMEC  |d 2019-11-20  |i 3883213  |o 536.7 WAR 2001  |p 3883213  |r 2024-01-19  |w 2019-11-20  |y BK  |k MEC 
952 |0 0  |1 0  |2 ddc  |4 0  |6 536_700000000000000_WAR_2001  |7 0  |8 A  |9 350628  |a BIBING  |b BIBING  |c RES  |d 2019-11-20  |i 3983293  |o 536.7 WAR 2001  |p 3983293  |r 2025-01-20  |w 2019-11-20  |y BK  |k EIQ 
952 |0 0  |1 0  |2 ddc  |4 0  |6 536_700000000000000_WAR_2001  |7 0  |8 A  |9 350629  |a BIBING  |b BIBING  |c RES  |d 2019-11-20  |i 3983307  |o 536.7 WAR 2001  |p 3983307  |r 2025-01-20  |w 2019-11-20  |y BK  |k EIQ 
952 |0 0  |1 0  |2 ddc  |4 0  |6 536_700000000000000_WAR_2001  |7 0  |8 A  |9 350630  |a BIBING  |b BIBING  |c RES  |d 2019-11-20  |i 3983315  |o 536.7 WAR 2001  |p 3983315  |r 2025-01-20  |w 2019-11-20  |y BK  |k EIQ 
952 |0 0  |1 0  |2 ddc  |4 0  |6 536_700000000000000_WAR_2001  |7 0  |8 A  |9 350631  |a BIBING  |b BIBING  |c RES  |d 2019-11-20  |i 3983323  |o 536.7 WAR 2001  |p 3983323  |r 2025-01-20  |w 2019-11-20  |y BK  |k EIQ 
952 |0 0  |1 0  |2 ddc  |4 0  |6 536_700000000000000_WAR_2001  |7 0  |8 A  |9 350632  |a BIBING  |b BIBING  |c RES  |d 2019-11-20  |i 3983331  |o 536.7 WAR 2001  |p 3983331  |r 2025-01-20  |w 2019-11-20  |y BK  |k EIQ 
952 |0 0  |1 0  |2 ddc  |4 0  |6 536_700000000000000_WAR_2001  |7 0  |8 A  |9 350633  |a BIBING  |b BIBING  |c RES  |d 2019-11-20  |i 3997499  |o 536.7 WAR 2001  |p 3997499  |r 2025-01-20  |w 2019-11-20  |y BK  |k EIQ 
952 |0 0  |1 0  |2 ddc  |4 0  |6 536_700000000000000_WAR_2001  |7 0  |8 A  |9 350634  |a BIBING  |b BIBING  |c RES  |d 2019-11-20  |i 3997502  |o 536.7 WAR 2001  |p 3997502  |r 2025-01-20  |w 2019-11-20  |y BK  |k EIQ 
952 |0 0  |1 0  |2 ddc  |4 0  |6 536_700000000000000_WAR_2001  |7 0  |8 A  |9 350635  |a BIBING  |b BIBING  |c RES  |d 2019-11-20  |i 3997510  |o 536.7 WAR 2001  |p 3997510  |r 2025-01-20  |w 2019-11-20  |y BK  |k EIQ 
952 |0 0  |1 0  |2 ddc  |4 0  |6 536_700000000000000_WAR_2001  |7 0  |8 A  |9 350636  |a BIBING  |b BIBING  |c RES  |d 2019-11-20  |i 3997529  |o 536.7 WAR 2001  |p 3997529  |r 2025-01-20  |w 2019-11-20  |y BK  |k EIQ 
952 |0 0  |1 0  |2 ddc  |4 0  |6 536_700000000000000_WAR_2001  |7 0  |8 A  |9 350637  |a BIBING  |b BIBING  |c RES  |d 2019-11-20  |i 3997537  |o 536.7 WAR 2001  |p 3997537  |r 2025-01-20  |w 2019-11-20  |y BK  |k EIQ 
952 |0 0  |1 0  |2 ddc  |4 0  |6 536_700000000000000_WAR_2001  |7 0  |8 A  |9 350638  |a BIBING  |b BIBING  |c RES  |d 2019-11-20  |i 4018605  |l 1  |o 536.7 WAR 2001  |p 4018605  |q 2020-09-03  |r 2020-08-03  |s 2020-08-03  |w 2019-11-20  |y BK  |k EIQ 
952 |0 0  |1 0  |4 0  |6 536_700000000000000_WAR_2001  |7 0  |8 A  |9 350639  |a BIBALI  |b BIBALI  |c RES  |d 2019-11-20  |i 4422422  |o 536.7 WAR 2001  |p 4422422  |r 2025-01-20  |w 2019-11-20  |y BK_R  |k ALI 
952 |0 0  |1 0  |4 0  |6 536_700000000000000_WAR_2001  |7 0  |8 A  |9 350640  |a BIBALI  |b BIBALI  |c RES  |d 2019-11-20  |i 4431693  |o 536.7 WAR 2001  |p 4431693  |r 2025-01-20  |w 2019-11-20  |y BK_R  |k ALI